[Event "UKR-chT Clubs"]
[Site "Alushta"]
[Date "2011.05.18"]
[Round "6.5"]
[White "Prokhorov, Alexander"]
[Black "Zherebukh, Yaroslav"]
[Result "1/2-1/2"]
[WhiteElo "2229"]
[BlackElo "2586"]
[PlyCount "135"]
[EventDate "2011.05.13"]
[EventType "team-tourn"]
[EventRounds "9"]
[EventCountry "UKR"]
[SourceTitle "CBM 142 Extra"]
[Source "ChessBase"]
[SourceDate "2011.06.27"]
[SourceVersion "1"]
[SourceVersionDate "2011.06.27"]
[SourceQuality "1"]
[WhiteTeam "Lugansk"]
[BlackTeam "Chernigov DAN"]
[WhiteTeamCountry "UKR"]
[BlackTeamCountry "UKR"]

1. e4 c5 2. Nf3 d6 3. d4 cxd4 4. Nxd4 Nf6 5. Nc3 a6 6. Bc4 e6 7. a4 Nc6 8. 0-0 Be7 9. Be3 0-0 10. Kh1 Qc7 11. Qe2 Bd7 12. f4 Rac8 13. Bd3 Nb4 14. Bg1 g6 15. Nb3 e5 16. fxe5 dxe5 17. a5 Be6 18. Nd2 Nh5 19. Bb6 Qc6 20. Nf3 Nf4 21. Qd2 f6 22. Rfc1 g5 23. Bf1 Kh8 24. Ne1 f5 25. exf5 Rxf5 26. Nd3 Nbd5 27. Nxd5 Bxd5 28. c4 Be4 29. Nxf4 gxf4 30. Bd3 Bxd3 31. Qxd3 Rg8 32. Rc2 Rh5 33. Bg1 Qh6 34. Rf1 Bc5 35. h3 Bxg1 36. Rxg1 Qc6 37. Qd5 Qg6 38. Rc3 h6 39. Rb3 Rg7 40. Qd8+ Kh7 41. Qd2 Rg5 42. Rf3 Qc6 43. Qc2+ R7g6 44. Rb3 Kg7 45. Rb6 Qc7 46. Rxg6+ Rxg6 47. Qf5 Rg5 48. Qe4 Qc6 49. Qd3 h5 50. b4 e4 51. Qd8 Qf6 52. Qb8 Qf7 53. Qd8 Re5 54. Rd1 e3 55. Rd7 e2 56. Rxf7+ Kxf7 57. Qd7+ Kf6 58. Qd6+ Kf5 59. Qd3+ Kf6 60. Qd6+ Kf5 61. Qd3+ Ke6 62. Qg6+ Kd7 63. Qg7+ Re7 64. Qd4+ Kc8 65. Qc5+ Kd8 66. Qd4+ Ke8 67. Qh8+ Kd7 68. Qd4+ 1/2-1/2

[Event "UKR-chT Clubs"]
[Site "Alushta"]
[Date "2011.05.17"]
[Round "5.5"]
[White "Firman, Nazar"]
[Black "Prokhorov, Alexander"]
[Result "1-0"]
[WhiteElo "2542"]
[BlackElo "2229"]
[PlyCount "81"]
[EventDate "2011.05.13"]
[EventType "team-tourn"]
[EventRounds "9"]
[EventCountry "UKR"]
[SourceTitle "CBM 142 Extra"]
[Source "ChessBase"]
[SourceDate "2011.06.27"]
[SourceVersion "1"]
[SourceVersionDate "2011.06.27"]
[SourceQuality "1"]
[WhiteTeam "Kharkov Law Academy"]
[BlackTeam "Lugansk"]
[WhiteTeamCountry "UKR"]
[BlackTeamCountry "UKR"]

1. e4 c5 2. Nf3 d6 3. d4 cxd4 4. Nxd4 Nf6 5. Nc3 Nc6 6. Bg5 e6 7. Qd2 a6 8. 0-0-0 Bd7 9. f4 h6 10. Bxf6 gxf6 11. Kb1 b5 12. Nce2 Qb6 13. Qe1 Rc8 14. Nxc6 Qxc6 15. Nd4 Qb7 16. Bd3 Qb6 17. Be2 Be7 18. Bh5 Rc4 19. Qd2 Kf8 20. e5 d5 21. Rhe1 f5 22. h3 Bc5 23. Nb3 Bf2 24. Re2 Bg3 25. Nd4 Rg8 26. Qe3 Qc5 27. Red2 Qe7 28. Be2 Rc8 29. Bf3 Qc5 30. Bh5 Qe7 31. Ne2 Qc5 32. Qf3 Bh4 33. g4 fxg4 34. hxg4 Rg7 35. Nd4 Re8 36. Re2 Kg8 37. f5 exf5 38. e6 Bxe6 39. Nxf5 Bg5 40. Nxg7 Kxg7 41. Rxe6 1-0

[Event "UKR-chT Clubs"]
[Site "Alushta"]
[Date "2011.05.16"]
[Round "4.5"]
[White "Prokhorov, Alexander"]
[Black "Fish, Alexandr"]
[Result "1/2-1/2"]
[WhiteElo "2229"]
[BlackElo "1958"]
[PlyCount "74"]
[EventDate "2011.05.13"]
[EventType "team-tourn"]
[EventRounds "9"]
[EventCountry "UKR"]
[SourceTitle "CBM 142 Extra"]
[Source "ChessBase"]
[SourceDate "2011.06.27"]
[SourceVersion "1"]
[SourceVersionDate "2011.06.27"]
[SourceQuality "1"]
[WhiteTeam "Lugansk"]
[BlackTeam "Simferopol"]
[WhiteTeamCountry "UKR"]
[BlackTeamCountry "UKR"]

1. e4 c5 2. Ne2 Nc6 3. Nbc3 Nf6 4. d4 cxd4 5. Nxd4 e5 6. Ndb5 d6 7. a4 h6 8. Bc4 Be7 9. Nd5 Nxd5 10. Bxd5 0-0 11. 0-0 a6 12. Nc3 Bg5 13. Re1 Bxc1 14. Rxc1 Be6 15. Re3 Bxd5 16. Nxd5 Ne7 17. Rb3 Rb8 18. Nxe7+ Qxe7 19. Rb6 Rfd8 20. Qd5 Qc7 21. a5 Qc5 22. c4 Rd7 23. Rd1 Qxd5 24. Rxd5 Rc8 25. b3 Rc6 26. Rb4 Rc5 27. Kf1 Kf8 28. Ke2 Ke7 29. Ra4 Ke6 30. Rd3 f5 31. f3 g5 32. Ra1 h5 33. Rd5 f4 34. Rad1 Rxd5 35. cxd5+ Ke7 36. Rc1 Kd8 37. b4 h4 1/2-1/2

[Event "UKR-chT 17th"]
[Site "Alushta"]
[Date "2010.05.15"]
[Round "4.2"]
[White "Brodsky, Michail"]
[Black "Prokhorov, Alexander"]
[Result "1-0"]
[WhiteElo "2537"]
[BlackElo "2238"]
[PlyCount "119"]
[EventDate "2010.05.13"]
[EventType "team-tourn"]
[EventRounds "11"]
[EventCountry "UKR"]
[SourceTitle "EXT 2019"]
[Source "ChessBase"]
[SourceDate "2018.10.10"]
[SourceVersion "1"]
[SourceVersionDate "2018.10.10"]
[SourceQuality "1"]
[WhiteTeam "Kharkov Law Academy"]
[BlackTeam "Luhansk LugPokerChess"]
[WhiteTeamCountry "UKR"]
[BlackTeamCountry "UKR"]

1. d4 Nf6 2. c4 d6 3. Nc3 Nbd7 4. e4 e5 5. Nf3 Be7 6. Be2 0-0 7. 0-0 c6 8. Rb1 a5 9. Re1 Re8 10. Bf1 Qc7 11. a3 Nf8 12. h3 N6d7 13. Be3 Bf6 14. d5 Be7 15. b4 axb4 16. axb4 Nf6 17. Qb3 Bd7 18. Rec1 cxd5 19. cxd5 Qb8 20. b5 Rc8 21. Nd2 Be8 22. b6 h6 23. g3 Ra5 24. Qb4 Ra8 25. Be2 Bd7 26. Kg2 Ne8 27. Nc4 Bg5 28. f4 exf4 29. gxf4 Bf6 30. Rb2 Ng6 31. Rbc2 Rd8 32. Nd2 Rc8 33. Kh2 Rxc3 34. Rxc3 Bxc3 35. Qxc3 Qd8 36. Nf3 Ra4 37. Bd3 Nh4 38. Ne1 Ng6 39. Nf3 Nh4 40. Ne1 Ng6 41. Ng2 Nh4 42. Bc2 Ra2 43. Bf2 Nxg2 44. Kxg2 Qa8 45. Bb3 Ra3 46. Qb4 Ra1 47. Qe1 Rxc1 48. Qxc1 Qa5 49. e5 Bf5 50. Qe3 Qb4 51. Bd1 g6 52. Bf3 Kf8 53. Be1 Qb2+ 54. Bf2 Qc2 55. Kg3 Qc8 56. Bg2 Kg8 57. exd6 Nxd6 58. Qe5 Ne8 59. d6 f6 60. Qe7 1-0

[Event "Ilichevsk Sunny Pawn op"]
[Site "Ilichevsk"]
[Date "2008.07.23"]
[Round "4"]
[White "Prokhorov, Alexander"]
[Black "Khaetsky, Roman"]
[Result "1/2-1/2"]
[WhiteElo "2156"]
[BlackElo "2400"]
[PlyCount "95"]
[EventDate "2008.07.20"]
[EventType "swiss"]
[EventRounds "10"]
[EventCountry "UKR"]
[SourceTitle "CBM 125 Extra"]
[Source "ChessBase"]
[SourceDate "2008.09.01"]
[SourceVersion "1"]
[SourceVersionDate "2008.09.01"]
[SourceQuality "1"]

1. e4 Nf6 2. e5 Nd5 3. Nf3 d6 4. d4 dxe5 5. Nxe5 c6 6. Be2 Bf5 7. c3 Nd7 8. Nxd7 Qxd7 9. 0-0 e6 10. Re1 Bd6 11. Bf3 Nf4 12. Bxf4 Bxf4 13. Nd2 0-0 14. Be4 Bxe4 15. Nxe4 Rad8 16. Qf3 Qc7 17. g3 Bh6 18. Nc5 Rd5 19. Nd3 g6 20. Re5 Rxe5 21. Nxe5 Bg7 22. Nd3 Rd8 23. Re1 b6 24. Qe4 Qd6 25. Re3 a5 26. Kf1 Bh6 27. f4 c5 28. dxc5 bxc5 29. Nf2 Bg7 30. Rd3 Qa6 31. Ke1 Rb8 32. Rd2 c4 33. Nd1 f5 34. Qf3 Re8 35. Kf1 Bf8 36. Rd7 Rb8 37. h4 Qb5 38. Rd2 Bc5 39. Kg2 Ba7 40. Kh3 Re8 41. Ne3 Qc5 42. Nf1 e5 43. fxe5 Rxe5 44. Rd8+ Kg7 45. Rd7+ Re7 46. Rxe7+ Qxe7 47. Nd2 f4 48. gxf4 1/2-1/2

[Event "UKR-ch"]
[Site "Alushta"]
[Date "2002.05.09"]
[Round "7"]
[White "Prokhorov, Alexander"]
[Black "Nazarevich, Vitaly"]
[Result "1-0"]
[WhiteElo "2252"]
[BlackElo "2299"]
[PlyCount "61"]
[EventDate "2002.05.02"]
[EventType "swiss"]
[EventRounds "9"]
[EventCountry "UKR"]
[SourceTitle "EXT 2003"]
[Source "ChessBase"]
[SourceDate "2002.11.25"]
[SourceVersion "1"]
[SourceVersionDate "2002.11.25"]
[SourceQuality "1"]

1. e4 c5 2. Nf3 e6 3. Nc3 a6 4. d4 cxd4 5. Nxd4 Qc7 6. g3 Bb4 7. Nde2 Nf6 8. Bg2 Nc6 9. 0-0 0-0 10. a3 Bc5 11. Nf4 Be7 12. Re1 Ne5 13. Nd3 d6 14. f4 Nc4 15. g4 Nd7 16. g5 b5 17. Qh5 Bb7 18. Kh1 Rac8 19. Nd1 Rfe8 20. b3 Na5 21. Re2 Nc5 22. Nxc5 dxc5 23. Nf2 Bd6 24. Ng4 Red8 25. Bb2 Be7 26. Be5 Qd7 27. Nh6+ gxh6 28. Qxh6 f6 29. gxf6 Bd6 30. Bxd6 Qf7 31. Bf3 1-0

[Event "UKR-ch"]
[Site "Alushta"]
[Date "2002.05.07"]
[Round "5"]
[White "Prokhorov, Alexander"]
[Black "Ustianovich, Nazar"]
[Result "1-0"]
[WhiteElo "2252"]
[BlackElo "2269"]
[PlyCount "125"]
[EventDate "2002.05.02"]
[EventType "swiss"]
[EventRounds "9"]
[EventCountry "UKR"]
[SourceTitle "EXT 2003"]
[Source "ChessBase"]
[SourceDate "2002.11.25"]
[SourceVersion "1"]
[SourceVersionDate "2002.11.25"]
[SourceQuality "1"]

1. e4 c5 2. Nc3 Nc6 3. Nge2 Nf6 4. d4 cxd4 5. Nxd4 e5 6. Ndb5 d6 7. a4 h6 8. Nd5 Nxd5 9. exd5 Ne7 10. c4 Nf5 11. Bd3 a6 12. Nc3 Be7 13. 0-0 0-0 14. b3 Bd7 15. a5 Qc7 16. Bb1 Nh4 17. Be3 f5 18. g3 Ng6 19. Bb6 Qc8 20. f4 Bf6 21. Qd3 Qe8 22. Bc2 Rc8 23. Rae1 Rf7 24. Bd1 Re7 25. Qd2 exf4 26. gxf4 Rxe1 27. Rxe1 Qf8 28. Rf1 Ne7 29. Ne2 Kh8 30. Ng3 g6 31. Kh1 Ng8 32. Rg1 Be8 33. Bf3 Bf7 34. Qd3 Bg7 35. Nxf5 gxf5 36. Qxf5 Nf6 37. Rxg7 Kxg7 38. Bd4 Bg6 39. Bxf6+ Qxf6 40. Qxc8 Qxf4 41. Qd7+ Kf6 42. Qe6+ Kg7 43. Qg4 Qc1+ 44. Bd1 Kf6 45. Qd4+ Kf7 46. Kg2 Qb1 47. Kg3 Bd3 48. Bg4 Kg6 49. Bh5+ Kh7 50. Qe3 Qxb3 51. Qe7+ Kh8 52. Bf3 Qb1 53. Qe3 Kg7 54. c5 dxc5 55. d6 Bf5 56. d7 Bxd7 57. Qe7+ Kh8 58. Qd8+ Kg7 59. Qxd7+ Kf6 60. Qd6+ Kg7 61. Qe7+ Kh8 62. Qe5+ Kg8 63. Qb8+ 1-0

[Event "Swidnica op-B"]
[Site "Swidnica"]
[Date "2000.??.??"]
[Round "9"]
[White "Iakymov, Volodymyr"]
[Black "Prokhorov, Alexander"]
[Result "1/2-1/2"]
[WhiteElo "2185"]
[BlackElo "2175"]
[PlyCount "117"]
[EventDate "2000.07.??"]
[EventType "swiss"]
[EventRounds "10"]
[EventCountry "POL"]
[SourceTitle "EXT 2003"]
[Source "ChessBase"]
[SourceDate "2002.11.25"]
[SourceVersion "1"]
[SourceVersionDate "2002.11.25"]
[SourceQuality "1"]

1. e4 c5 2. Nc3 Nc6 3. d3 g6 4. g3 Bg7 5. Bg2 d6 6. f4 e6 7. Nf3 Nge7 8. 0-0 0-0 9. Be3 Nd4 10. Qd2 Rb8 11. Nd1 b5 12. c3 Nxf3+ 13. Bxf3 b4 14. Nf2 bxc3 15. bxc3 Qa5 16. Rfc1 Qa3 17. Nd1 Bd7 18. Qf2 Ba4 19. d4 Bxd1 20. Rxd1 Rb2 21. Rd2 Rxd2 22. Qxd2 cxd4 23. cxd4 d5 24. Rb1 dxe4 25. Bxe4 Rd8 26. Rb3 Qa6 27. Qb4 Bf8 28. Qd2 Nd5 29. Bf2 Nb6 30. h4 Rc8 31. h5 Qc4 32. Kg2 Bg7 33. hxg6 hxg6 34. Rb4 Qc3 35. Qxc3 Rxc3 36. Rb3 Rc4 37. Rd3 Ra4 38. Rd2 Nc4 39. Rc2 Nd6 40. Bc6 Ra5 41. Be1 Ra6 42. d5 Nf5 43. Bf2 Bd4 44. dxe6 fxe6 45. Be4 Bxf2 46. Kxf2 Kf7 47. g4 Ne7 48. Kg3 Ra3+ 49. Kf2 Kf6 50. g5+ Kf7 51. Ke2 Nd5 52. Bxd5 exd5 53. Kd1 Ke6 54. Rc6+ Kf5 55. Rf6+ Ke4 56. Rxg6 Kxf4 57. Rg8 Ra5 58. g6 Kf5 59. Kc1 1/2-1/2

[Event "Polanica Zdroj op-B"]
[Site "Polanica Zdroj"]
[Date "2000.??.??"]
[Round "6"]
[White "Meczynski, Waldemar"]
[Black "Prokhorov, Alexander"]
[Result "1/2-1/2"]
[WhiteElo "2169"]
[BlackElo "2142"]
[PlyCount "86"]
[EventDate "2000.08.??"]
[EventType "swiss"]
[EventRounds "10"]
[EventCountry "POL"]
[SourceTitle "EXT 2001"]
[Source "ChessBase"]
[SourceDate "2000.11.22"]
[SourceVersion "1"]
[SourceVersionDate "2000.11.22"]
[SourceQuality "1"]

1. e4 c5 2. Nf3 Nc6 3. d4 cxd4 4. Nxd4 Nf6 5. Nc3 e5 6. Ndb5 d6 7. Bg5 a6 8. Bxf6 gxf6 9. Na3 b5 10. Nd5 Bg7 11. c3 f5 12. exf5 Bxf5 13. Nc2 Be6 14. Nce3 Ne7 15. g3 Nxd5 16. Nxd5 0-0 17. Bg2 Rb8 18. 0-0 a5 19. Qd2 Qd7 20. a3 Kh8 21. Rad1 f5 22. f4 Qf7 23. Ne3 exf4 24. gxf4 Bb3 25. Rde1 b4 26. axb4 axb4 27. cxb4 Qf6 28. Bd5 Bxd5 29. Nxd5 Qd4+ 30. Qxd4 Bxd4+ 31. Kh1 Rb5 32. Nc7 Rxb4 33. Ne6 Re8 34. Nxd4 Rxe1 35. Rxe1 Rxd4 36. Rb1 Rb4 37. Rd1 Rxb2 38. Rxd6 Rb4 39. Rd7 Rxf4 40. Kg2 Kg8 41. Kg3 Rg4+ 42. Kf3 Rg5 43. Kf4 Rh5 1/2-1/2